Les années du podium de la Vuelta depuis 2010 - Statistiques

Statistiques générales
  • Ce quiz a été pris 45 fois
  • Le résultat moyen est 14 sur 15
Statistiques - réponses
anées 1er 2ème 3ème % Correct
2015 Aru Rodríguez Majka
100%
2019 Roglic Valverde Pogacar
100%
2023 Kuss Vingegaard Roglic
100%
2010 Nibali Mosquera Velits
97%
2022 Evenepoel Mas Ayuso
97%
2024 Roglic O'connor Mas
97%
2011 Cobo Froome Wiggins
95%
2012 Contador Valverde Rodríguez
95%
2013 Horner Nibali Valverde
95%
2016 Quintana Froome Chaves
95%
2018 Yates Mas Lopez
95%
2020 Roglic Carapaz Carthy
95%
2021 Roglic Mas Haig
95%
2017 Nibali Froome Zakarin
89%
2014 Contador Froome Valverde
86%
Aucun quiz correspondant
Distribution des résultats
% des personnes avec chaque résultat
Percentile par nombre de réponses
Votre historique - résultats
Vous n’avez pas pris ce quiz